书目信息 |
| 题名: |
市场界定:高新技术产业、工业和服务业公司的制胜战略
|
|
| 作者: | 文思登 著 | |
| 分册: | ||
| 出版信息: | 北京 机械工业出版社 1999.11 |
|
| 页数: | 174页 | |
| 开本: | 32开 | |
| 丛书名: | ||
| 单 册: | ||
| 中图分类: | F713.5 | |
| 科图分类: | ||
| 主题词: | 商业经济--国内 | |
| 电子资源: | ||
| ISBN: | 7-111-07431-9 | |
| 000 | 00673nam0 2200193 45 | |
| 001 | 0012181602 | |
| 005 | 20001218161411.4 | |
| 010 | @a7-111-07431-9@d16.00元 | |
| 100 | @a20001218d1999 km y0chiy0120 ea | |
| 101 | 0 | @achi |
| 105 | @a z 000yy | |
| 200 | 1 | @a市场界定:高新技术产业、工业和服务业公司的制胜战略@AShi Chang Jie Ding:Gao Xin Ji Shu Chan Ye、Gong Ye He Fu Wu Ye Gong Si De Zhi Sheng Zhan Lue@f(美)文思登著;付彦译@F(Mei)Wen Si Deng Zhu;Fu Yan Yi |
| 210 | @a北京@c机械工业出版社@d1999.11 | |
| 215 | @a174页@d32开 | |
| 606 | 0 | @a商业经济@x国内 |
| 690 | @aF713.5@v3 | |
| 701 | 0 | @a文思登@4著 |
| 801 | @aCN@bPftUser@c20001218 | |
| 905 | @b308079-080@dF713.5@eW148@f2 | |
| 市场界定:高新技术产业、工业和服务业公司的制胜战略/(美)文思登著;付彦译.-北京:机械工业出版社,1999.11 |
| 174页;32开 |
| ISBN 7-111-07431-9:16.00元 |
| ● |
| 相关链接 |
|
|
|
正题名:市场界定:高新技术产业、工业和服务业公司
索取号:F713.5/W148
 
预约/预借
| 序号 | 登录号 | 条形码 | 馆藏地/架位号 | 状态 | 备注 |
| 1 | 308079 | 203080799 | 社科库409/409社科库 43排1列3层/ [索取号:F713.5/W148] | 在馆 | |
| 2 | 308080 | 203080806 | 社科库409/409社科库 43排1列3层/ [索取号:F713.5/W148] | 在馆 |